Ładuje się......
Great social reforms in India /
| Kolejni autorzy: | |
|---|---|
| Format: | Printed Book |
| Wydane: |
New Delhi:
Anmol,
2007.
|
| Hasła przedmiotowe: |
| LEADER | 00525cam a2200169ua 4500 | ||
|---|---|---|---|
| 008 | 101028t2007||||||||||| 00 ||||| c | ||
| 082 | |a 303.484 |b SAX/G | ||
| 245 | 0 | 0 | |a Great social reforms in India / |
| 260 | |a New Delhi: |b Anmol, |c 2007. | ||
| 300 | |a 340p.. | ||
| 362 | 1 | |a 2007. | |
| 650 | |a India-Social reform | ||
| 650 | 0 | |a Social reforms | |
| 700 | 0 | 2 | |a Anil Saxena, |
| 942 | |c BK | ||
| 999 | |c 23660 |d 23660 | ||
| 952 | |0 0 |1 0 |4 0 |6 303_484000000000000_SAX |7 0 |9 25149 |a KUCL |b KUCL |d 2014-05-23 |l 0 |o 303.484 SAX/ |p 24177 |r 2014-05-23 |w 2014-05-23 |y BK | ||